<?xml version="1.0" encoding="UTF-8"?>
<record
    xmlns:xsi="http://www.w3.org/2001/XMLSchema-instance"
    xsi:schemaLocation="http://www.loc.gov/MARC21/slim http://www.loc.gov/standards/marcxml/schema/MARC21slim.xsd"
    xmlns="http://www.loc.gov/MARC21/slim">

  <leader>01588nam a22002777a 4500</leader>
  <controlfield tag="003">AR-RoUNCS</controlfield>
  <controlfield tag="005">20260416100524.0</controlfield>
  <controlfield tag="007">ta</controlfield>
  <controlfield tag="008">241008s2015    ag a||||r|||| 00| 1 spa d</controlfield>
  <datafield tag="020" ind1=" " ind2=" ">
    <subfield code="a">9789875040700</subfield>
  </datafield>
  <datafield tag="040" ind1=" " ind2=" ">
    <subfield code="c">AR-RoUNCS</subfield>
    <subfield code="a">AR-RoUNCS</subfield>
    <subfield code="b">spa</subfield>
  </datafield>
  <datafield tag="041" ind1=" " ind2=" ">
    <subfield code="a">spa</subfield>
  </datafield>
  <datafield tag="080" ind1=" " ind2=" ">
    <subfield code="0">82-34(82)</subfield>
  </datafield>
  <datafield tag="100" ind1="1" ind2=" ">
    <subfield code="a">Drennen, Olga</subfield>
    <subfield code="e">autor</subfield>
  </datafield>
  <datafield tag="245" ind1="1" ind2="0">
    <subfield code="a">Sombras y temblores / </subfield>
    <subfield code="c">Olga Drennen ; ilustraciones Lelo Carrique.</subfield>
  </datafield>
  <datafield tag="250" ind1=" " ind2=" ">
    <subfield code="a">2a ed.</subfield>
  </datafield>
  <datafield tag="260" ind1=" " ind2=" ">
    <subfield code="a">Buenos Aires : </subfield>
    <subfield code="b">Quipu,</subfield>
    <subfield code="c">2015.</subfield>
  </datafield>
  <datafield tag="300" ind1=" " ind2=" ">
    <subfield code="a">79 p. : </subfield>
    <subfield code="b">ils. ; </subfield>
    <subfield code="c">21 cm.</subfield>
  </datafield>
  <datafield tag="490" ind1=" " ind2=" ">
    <subfield code="a">Negra</subfield>
  </datafield>
  <datafield tag="505" ind1="0" ind2=" ">
    <subfield code="a">La mancha a la altura del tercer bot&#xF3;n -- Viaje sin fin -- Yo-yo -- La prueba -- Mejor me callo -- Una de terror -- El brillo en la sombra -- El &#xFA;ltimo baile de invierno.-</subfield>
  </datafield>
  <datafield tag="520" ind1=" " ind2=" ">
    <subfield code="a">Cuentos inquietantes en los que lo extra&#xF1;o, lo inesperado y lo siniestro se  instalan en el mundo de todos los d&#xED;as. Un par de zapatillas, una leyenda que obsesiona, un chico en la escuela que descubre algo inesperado en la ventana de su aula, dos jovencitas de vacaciones que miran una pel&#xED;cula de terror son ejemplos de las sencillas circunstancias que derivar&#xE1;n en sucesos escalofriantes... y sin embargo, posibles. 
La autora evita los recursos f&#xE1;ciles y acartonados a los que suelen recurrir algunos cultores del g&#xE9;nero o ciertas series televisivas. Sombras y temblores se constituye, sin duda alguna, en una de las producciones argentinas m&#xE1;s interesantes de la literatura de terror.</subfield>
  </datafield>
  <datafield tag="650" ind1=" " ind2=" ">
    <subfield code="a">Literatura argentina</subfield>
  </datafield>
  <datafield tag="655" ind1=" " ind2=" ">
    <subfield code="a">Cuentos de terror</subfield>
  </datafield>
  <datafield tag="700" ind1="1" ind2=" ">
    <subfield code="a">Carrique, Lelo</subfield>
    <subfield code="e">ilustrador</subfield>
  </datafield>
  <datafield tag="942" ind1=" " ind2=" ">
    <subfield code="2">udc</subfield>
    <subfield code="c">OG</subfield>
    <subfield code="n">0</subfield>
  </datafield>
  <datafield tag="999" ind1=" " ind2=" ">
    <subfield code="c">354</subfield>
    <subfield code="d">354</subfield>
  </datafield>
  <datafield tag="952" ind1=" " ind2=" ">
    <subfield code="0">0</subfield>
    <subfield code="1">0</subfield>
    <subfield code="2">udc</subfield>
    <subfield code="4">0</subfield>
    <subfield code="7">0</subfield>
    <subfield code="8">CG</subfield>
    <subfield code="a">ESOCIALES</subfield>
    <subfield code="b">ESOCIALES</subfield>
    <subfield code="d">2024-10-08</subfield>
    <subfield code="e">Donaci&#xF3;n 2024</subfield>
    <subfield code="l">0</subfield>
    <subfield code="o">82-34(82) D772</subfield>
    <subfield code="p">001250</subfield>
    <subfield code="r">2024-10-08 00:00:00</subfield>
    <subfield code="w">2024-10-08</subfield>
    <subfield code="y">OG</subfield>
  </datafield>
</record>
